Music Quiz

Random Music or Lyrics Quiz
Score 0/238 Timer 10:00
0 Plays Today
Answer % Correct
I
97.9%
I
97.9%
I
97.9%
I
97.9%
I
97.9%
I
97.9%
I
97.9%
I
97.9%
I
97.9%
I
97.9%
I
97.9%
I
97.9%
I
97.9%
I
97.9%
I
97.9%
I
97.9%
I
97.9%
I
97.9%
I
97.9%
I
97.9%
I
97.9%
I
97.9%
You
93.6%
you
93.6%
you
93.6%
you
93.6%
You
93.6%
You
93.6%
you
93.6%
you
93.6%
you
93.6%
You
93.6%
You
93.6%
you
93.6%
you
93.6%
you
93.6%
you
93.6%
you
93.6%
you
93.6%
you
93.6%
you
93.6%
you
93.6%
You
93.6%
You
93.6%
you
93.6%
You
93.6%
you
93.6%
you
93.6%
a
92.6%
a
92.6%
me
85.6%
me
85.6%
me
85.6%
me
85.6%
me
85.6%
the
84.6%
the
84.6%
the
84.6%
the
84.6%
the
84.6%
the
84.6%
the
84.6%
the
84%
to
83%
to
83%
to
83%
And
81.9%
And
81.9%
on
79.8%
on
79.8%
On
79.8%
on
79.8%
on
79.8%
on
79.8%
on
79.8%
it
79.8%
On
79.8%
be
77.7%
be
77.7%
my
77.1%
Answer % Correct
my
77.1%
in
76.1%
so
76.1%
so
76.1%
so
76.1%
so
76.1%
in
76.1%
so
76.1%
So
76.1%
in
76.1%
in
76.1%
You're
73.4%
You're
73.4%
You're
73.4%
you're
73.4%
you're
73.4%
That
72.3%
that
72.3%
like
70.7%
with
70.7%
with
70.7%
like
70.7%
like
70.7%
with
70.7%
of
69.1%
of
69.1%
are
68.6%
knew
67.6%
knew
67.6%
knew
67.6%
for
67.6%
knew
67.6%
knew
67.6%
knew
67.6%
not
67.6%
for
67.6%
knew
67.6%
knew
67.6%
used
67%
But
67%
but
67%
but
67%
used
67%
used
67%
was
66.5%
know
66.5%
have
66%
have
66%
have
66%
have
66%
thought
65.4%
thought
65.4%
thought
65.4%
thought
65.4%
thought
65.4%
thought
65.4%
thought
65.4%
thought
65.4%
thought
65.4%
girl
64.9%
can
64.4%
who
64.4%
who
64.4%
had
63.8%
had
63.8%
any
63.3%
any
63.3%
look
63.3%
any
63.3%
any
63.3%
well
62.8%
well
62.8%
well
62.8%
well
62.8%
well
62.8%
well
62.8%
Sunday
60.1%
Sunday
60.1%
Morning
60.1%
Sunday
60.1%
Answer % Correct
Morning
60.1%
Sunday
60.1%
Morning
60.1%
could
59%
as
59%
oh
59%
came
58%
came
58%
came
58%
good
57.4%
now
57.4%
now
57.4%
want
57.4%
They
56.9%
think
56.9%
never
56.4%
Without
56.4%
Without
56.4%
am
56.4%
Without
56.4%
knees
55.9%
I'd
55.9%
I'd
55.9%
way
54.8%
little
54.3%
breeze
54.3%
breeze
54.3%
breeze
54.3%
day
53.7%
change
53.2%
yesterday
52.7%
warning
52.7%
yesterday
52.7%
warning
52.7%
yesterday
52.7%
warning
52.7%
looking
52.1%
looking
52.1%
looking
52.1%
didn't
50.5%
pathetic
50%
changed
49.5%
since
49.5%
changed
49.5%
since
49.5%
changed
49.5%
since
49.5%
other
48.9%
Out
48.4%
side
48.4%
got
48.4%
looked
46.8%
sure
46.8%
sure
46.8%
sure
46.8%
Sappy
46.3%
places
45.7%
strange
44.7%
shoes
44.1%
trying
43.6%
mirror
42.6%
trade
41.5%
quite
41.5%
light
41.5%
clear
41%
Thank
41%
turning
41%
Thank
41%
I've
40.4%
nothing's
39.4%
fit
37.8%
new
37.8%
parasite
36.7%
fashion
35.1%
complain
35.1%
badly
34%
cannot
30.3%
view
21.8%
Remove Ads.
Support Sporcle.
Get the best of Sporcle when you Go Orange. This ad-free experience offers more features, more stats, and more fun while also helping to support Sporcle. Thank you for becoming a member.

You're not logged in!

Compare scores with friends on all Sporcle quizzes.
OR
Log In

Show Comments

Extras

Top Quizzes Today


Score Distribution

Your Account Isn't Verified!

In order to create a playlist on Sporcle, you need to verify the email address you used during registration. Go to your Sporcle Settings to finish the process.

Report this User

Report this user for behavior that violates our Community Guidelines.

Details: